000 00643nam a22002057a 4500
003 UA-OsUOA
001 55726
007 ta
008 20080919b un ||||| |||| 00| 0 ukr d
100 _aЛісовський А.В. Поснова Т. В.
090 _a330
_bЛ67
942 _cSA
040 _aUA-OsUOA
_cUA-OsUOA
_dUA-OsUOA
245 _aмеханізм фінансування соціальної складової економічної безпеки
300 _aС.32-38
955 _a0
080 _a330
773 0 _w55723
_tФінанси України
_dК.
_d2008
_g4
650 7 _a330 Економіка взагалі
_2UDC
999 _c341807
_d341807